Statistiques concernant Plus Grandes Villes Occitanie

Cliquez ici pour prendre le quiz!

Statistiques générales

  • Ce quiz a été pris 185 fois
  • Le résultat moyen est 21 sur 33

Statistiques - réponses

DépartementVille
Population
(en milliers)
% Correct
Haute GaronneToulouse486
100%
HéraultMontpellier290
99%
Pyrénées OrientalesPerpignan119
98%
AudeCarcassonne46
96%
GardNîmes149
96%
HéraultBéziers77
94%
AudeNarbonne55
90%
TarnAlbi48
89%
HéraultSète43
88%
Tarn et GaronneMontauban60
84%
AveyronRodez24
82%
Hautes PyrénéesTarbes42
81%
GardAlès40
71%
GersAuch22
70%
LotCahors19
70%
TarnCastres41
69%
Haute GaronneBlagnac25
66%
HéraultAgde29
65%
AveyronMillau22
61%
Haute GaronneColomiers39
56%
Haute GaronneMuret24
53%
AriègePamiers15
53%
HéraultLunel26
52%
Haute GaronneTournefeuille27
47%
HéraultFrontignan22
42%
HéraultCastelnau le Lez21
37%
TarnGaillac15
34%
Haute GaronneBalma16
31%
HéraultLattes16
21%
HéraultMauguio16
18%
GardBagnols sur Cèze18
16%
Haute GaronneCugnaux18
15%
Haute GaronnePlaisance du Touch18
12%

Distribution des résultats

Percentile par nombre de réponses

% des personnes avec chaque résultat

Votre développement - résultats

Vous n’avez pas pris ce quiz